Русский язык

Бібліографічні деталі
Мова:Російська
Німецька
Опубліковано:
Предмети:
Формат: Книга
KOHA link:https://koha.lib.tpu.ru/cgi-bin/koha/opac-detail.pl?biblionumber=367623

MARC

LEADER 00000nam0a2200000 4500
001 367623
005 20231102012012.0
035 |a (RuTPU)RU\TPU\retro\24986 
090 |a 367623 
100 |a 20220317d1980 km y0rusy50 ca 
101 0 |a rus  |a ger 
102 |a RU 
105 |a a e 001zy 
200 1 |a Русский язык 
210
215 |a с.  |c ил. 
320 |a Библиогр.: с. 
606 1 |a Прусский язык  |2 stltpush  |3 (RuTPU)RU\TPU\subj\53070  |9 71422 
686 |a Ш143  |v LBC/SL-A  |2 rubbk 
801 1 |a RU  |b 63413507  |c 20220317 
801 2 |a RU  |b 63413507  |c 20220317  |g RCR 
942 |c BK